| 000 | 00786nmm a2200205Ia 4500 | ||
|---|---|---|---|
| 008 | 251105s9999||||xx |||||||||||||||||und|| | ||
| 041 | _aspa | ||
| 100 | _aCuesta Mohedano, Juana | ||
| 245 | 0 | _aProgramación didáctica de ESPA. Programaciones didácticas. Nivel I - Módulo II. Ámbito científico tecnológico | |
| 264 |
_a[Madrid, España] : _bMinisterio de Educación, Cultura y Deporte de España, _c2010 |
||
| 300 | _a48 páginas | ||
| 650 | _aEducation | ||
| 700 | _aCuesta Mohedano, Juana | ||
| 700 | 1 | _a Díaz Tejero, Beatriz | |
| 700 | 1 | _a Otras menciones: Romero Domínguez, Teresa (Coord.) | |
| 700 | 1 | _a Terán Herranz, Elena (Dir. Coord.) | |
| 700 | 1 | _a Sauras Jaime, Pedro José (Rev.) | |
| 856 | _uhttps://public.digitaliapublishing.com/a/14755 | ||
| 942 | _cCF | ||
| 999 |
_c64382 _d64382 |
||